| 000 | 00577 a2200169 4500 | ||
|---|---|---|---|
| 005 | 20250603061000.0 | ||
| 020 | _a978-81-317-0584-1 | ||
| 082 | _a658. 72 BAL | ||
| 100 | _aBALLOU, R. H. | ||
| 245 | _aBusiness Logistics/Supply Chain Management : Planning, Organizing, and Controlling the Supply Chain. | ||
| 250 | _a5th Ed. | ||
| 260 |
_aNew Delhi, _bPearson, _c2007. |
||
| 300 |
_axx, 800p.: ill.; graph, figure, table. _bBibliography, index. _c25cm. |
||
| 700 | _aSRIVASTAVA, S. K. | ||
| 856 |
_yAccess online book _fBusiness Logistic _dwww.pearsoned.co.in |
||
| 942 |
_2ddc _cBKS |
||
| 999 |
_c2551 _d2551 |
||